00942nam a22001937a 450000500170000000800410001702000180005804000070007604100120008308200220009510000180011724500510013526000330018630000310021936500630025052003910031365000240070470000200072820220303115740.0220303b ||||| |||| 00| 0 eng d a9788183766302 cAL aEnglish 223a302.231bSHAI aSatish Sharma aInformation Technology and Mass Communications aJaipurbABD Publishersc2019 aviii,296 p.bHBc24x15 cm. aMLSH21CRB337b₹1516.00c₹d₹1895.00e20%f20-02-2022 aTo deny the fact that Information and Communications Technology is not only important but crucial in Mass Communication is an understatement. In this post-modern world today, to live without knowledge of ICT is like having a pen in your hand without knowing what to do with it. Our world has become a global village without necessarily destroying our various cultures.................  aMass communications aSHARMA (Satish)